000 00692nam a2200241Ia 4500
003 OSt
005 20220928115710.0
006 a|||||r|||| 00| 0
007 ta
008 220927b |||||||| |||| 00| 0 eng d
024 _a95590
037 _cTextual
040 _aSDCL
_cSDCL
_beng
041 _2eng
_aeng
082 _aE9G:4:f3, P4
100 _aNeiemyer Christof M Ed.
_9445688
245 0 _aBioconjugation Protocols
_b Strategies and methods.
260 _aNew Jersey
_bHumana Press
_c2004
300 _axi,330p.
_ccm.
490 _aMethods in molecular biology.283.
942 _hE9G:4:f3, P4
_cTEXL
_2CC
999 _c760591
_d760591